00410nam a2200169Ia 4500008004100000020001800041041000800059082001300067100002100080245003400101250001600135260001500151300002700166365001700193500000900210700002100219230718s9999 xx 000 0 und d a9780471130079 aeng a621bKUT aKutz M. (Editor) aMechanical Engineers Handbook a2nd revised bJohn Wiley a2352dRef 25 M (28902) cRs.b4037.50 a25 M aKutz M. (Editor)